North American Sports Dynasties - Statistics

General Stats
  • This quiz has been taken 276 times
    127 since last reset
  • The average score is 21 of 29
Answer Stats
Years League Championships Team % Correct
2020-2024 NFL 3 of 5 Kansas City Chiefs
96%
1936-1953 MLB 12 of 18 New York Yankees
95%
2002-2005 NFL 3 of 4 New England Patriots
90%
1957-1969 NBA 11 of 13 Boston Celtics
89%
1949-1954 NBA 5 of 6 Minneapolis Lakers
87%
1991-1998 NBA 6 of 8 Chicago Bulls
85%
1953-1979 NHL 16 of 27 Montreal Canadiens
85%
2015-2018 NBA 3 of 4 Golden State Warriors
84%
1961-1968 NFL 5 of 7 Green Bay Packers
84%
2010-2014 MLB 3 of 5 San Francisco Giants
83%
1912-1918 MLB 4 of 7 Boston Red Sox
81%
1993-1996 NFL 3 of 4 Dallas Cowboys
77%
1975-1980 NFL 4 of 6 Pittsburgh Steelers
77%
1982-1990 NFL 4 of 9 San Francisco 49ers
75%
1984-1990 NHL 5 of 7 Edmonton Oilers
73%
2003-2007 NBA 3 of 5 San Antonio Spurs
73%
1942-1951 NHL 6 of 10 Toronto Maple Leafs
73%
2009-2020 NCAA Football 6 of 12 Alabama
71%
1959-1965 MLB 3 of 7 Los Angeles Dodgers
70%
1972-1974 MLB 3 of 3 Oakland Athletics
66%
2010-2015 NHL 3 of 6 Chicago Blackhawks
65%
1952-1955 NHL 3 of 4 Detroit Red Wings
64%
1980-1983 NHL 4 of 4 New York Islanders
62%
1940-1946 NFL 4 of 7 Chicago Bears
61%
1964-1975 NCAA Basketball 10 of 12 UCLA
60%
1942-1946 MLB 3 of 5 St. Louis Cardinals
55%
1987-1991 NCAA Football 3 of 5 Miami
44%
1994-1997 NCAA Football 3 of 4 Nebraska
36%
1948-1951 NCAA Basketball 3 of 4 Kentucky
30%
No matching quizzes found
Score Distribution
Percent of People with Each Score
Percentile by Number Answered
Your Score History
You have not taken this quiz since the last reset